000 00664nam a2200301Ia 4500
005 20260401122301.0
008 008 250103s9999 xx 000 0 eng d
020 _a8177557513
037 _aTB
040 _aEDL
040 _beng
040 _cEDL
041 _2eng
041 _aeng
084 _a891.439 ARB
084 _qEDL
100 _aArberry, A.J.
245 0 _aSufism: Account of the Mystics of Islam
245 0 _cArberry, A.J.
260 _aNew Delhi
260 _bCosmo Publications
260 _c2003
300 _a141p
942 _cTB
942 _h891.439 ARB
999 _c1846216
_d1846216